<?xml version="1.0" encoding="UTF-8"?>
<record
    xmlns:xsi="http://www.w3.org/2001/XMLSchema-instance"
    xsi:schemaLocation="http://www.loc.gov/MARC21/slim http://www.loc.gov/standards/marcxml/schema/MARC21slim.xsd"
    xmlns="http://www.loc.gov/MARC21/slim">

  <leader>00414nam a2200157Ia 4500</leader>
  <controlfield tag="008">230718s9999    xx            000 0 und d</controlfield>
  <datafield tag="041" ind1=" " ind2=" ">
    <subfield code="a">eng</subfield>
  </datafield>
  <datafield tag="082" ind1=" " ind2=" ">
    <subfield code="a">620.1</subfield>
    <subfield code="b">BEE</subfield>
  </datafield>
  <datafield tag="100" ind1=" " ind2=" ">
    <subfield code="a">Beer F.P.</subfield>
  </datafield>
  <datafield tag="245" ind1=" " ind2=" ">
    <subfield code="a">Vector Mechanics For Engineers</subfield>
  </datafield>
  <datafield tag="260" ind1=" " ind2=" ">
    <subfield code="c">1996</subfield>
    <subfield code="b">Tata Mc-graw Hill Pub.</subfield>
  </datafield>
  <datafield tag="300" ind1=" " ind2=" ">
    <subfield code="a">1042</subfield>
  </datafield>
  <datafield tag="365" ind1=" " ind2=" ">
    <subfield code="c">Rs.</subfield>
    <subfield code="b">225.00</subfield>
  </datafield>
  <datafield tag="700" ind1=" " ind2=" ">
    <subfield code="a">Beer F.P. &amp; Johnston E.R.</subfield>
  </datafield>
  <datafield tag="906" ind1=" " ind2=" ">
    <subfield code="d">B:47019-Mar-1999</subfield>
    <subfield code="c">ALLEDS</subfield>
    <subfield code="b">33.75</subfield>
  </datafield>
  <datafield tag="999" ind1=" " ind2=" ">
    <subfield code="c">298757</subfield>
    <subfield code="d">298757</subfield>
  </datafield>
  <datafield tag="952" ind1=" " ind2=" ">
    <subfield code="0">0</subfield>
    <subfield code="1">0</subfield>
    <subfield code="4">0</subfield>
    <subfield code="7">0</subfield>
    <subfield code="a">CCEP</subfield>
    <subfield code="b">CCEP</subfield>
    <subfield code="d">1999-03-19</subfield>
    <subfield code="e">Mbs</subfield>
    <subfield code="f">ALLEDS</subfield>
    <subfield code="g">191.25</subfield>
    <subfield code="i">470</subfield>
    <subfield code="l">0</subfield>
    <subfield code="o">620.1</subfield>
    <subfield code="p">CCEP-BK-9963</subfield>
    <subfield code="r">2023-07-18 00:00:00</subfield>
    <subfield code="t">33.75</subfield>
    <subfield code="v">225.00</subfield>
    <subfield code="w">1999-03-19</subfield>
    <subfield code="y">BK</subfield>
    <subfield code="z">009963</subfield>
  </datafield>
</record>
